|
|
|
|
| LEADER |
00000nas a22000007a 4500 |
| 001 |
ssj0007841 |
| 003 |
WaSeSS |
| 005 |
20200512172242.0 |
| 006 |
m d |
| 007 |
cr n |
| 008 |
821221d198219uunyuwn p s 0 a0eng c |
| 010 |
|
|
|a sn 82008432
|z sn 82008436
|
| 022 |
|
|
|l 0736-0592
|y 0736-0592
|
| 032 |
|
|
|a 756150
|b USPS
|
| 035 |
|
|
|a (WaSeSS)ssj0007841
|
| 037 |
|
|
|b Scholastic News, 2931 E. McCarty St., PO Box 3710, Jefferson City, MO 65102-3710
|
| 040 |
|
|
|a NSD
|b eng
|c NSD
|d OCL
|d NSD
|d DLC
|d OCLCQ
|d OCLCF
|d OCLCO
|d AU@
|d OCLCQ
|d WaSeSS
|
| 042 |
|
|
|a nsdp
|a pcc
|
| 043 |
|
|
|a n-us---
|
| 082 |
1 |
0 |
|a 051
|2 12
|
| 130 |
0 |
|
|a Scholastic news (Explorer edition)
|
| 210 |
0 |
|
|a Scholast. news
|b (Explor. ed.)
|
| 222 |
|
0 |
|a Scholastic news
|b (Explorer ed.)
|
| 245 |
1 |
0 |
|a Scholastic news
|h [electronic resource].
|
| 246 |
1 |
3 |
|a Scholastic news explorer
|
| 250 |
|
|
|a Explorer ed.
|
| 260 |
|
|
|a [N.Y., i.e., New York, NY] :
|b [Scholastic Inc.],
|c [©1982]-
|
| 310 |
|
|
|a Weekly during the school year (except holidays and midterm)
|
| 362 |
0 |
|
|a Vol. 45, no. 1 (Sept. 10, 1982)-
|
| 362 |
1 |
|
|a Ceased by v. 55, no. 26 (May 21, 1993).
|
| 500 |
|
|
|a Accompanied by separately paged supplement called Teachers' edition.
|
| 506 |
|
|
|a License restrictions may limit access.
|
| 521 |
8 |
|
|a Also designated "4" to indicate grade level of material.
|
| 588 |
|
|
|a Description based on surrogate; title from cover.
|
| 650 |
|
0 |
|a Education
|z United States
|v Periodicals.
|
| 650 |
|
0 |
|a Education, Primary
|z United States
|v Periodicals.
|
| 650 |
|
7 |
|a Education.
|2 fast
|0 (OCoLC)fst00902499
|
| 650 |
|
7 |
|a Education, Primary.
|2 fast
|0 (OCoLC)fst00903204
|
| 651 |
|
7 |
|a United States.
|2 fast
|0 (OCoLC)fst01204155
|
| 655 |
|
0 |
|a Electronic journals.
|
| 780 |
0 |
0 |
|t Scholastic news explorer
|x 0028-9019
|w (DLC)sn 78002239
|
| 785 |
0 |
0 |
|t Scholastic news (Ed. 4)
|
| 856 |
4 |
0 |
|z Full text available from Research Library: 02/23/1998 to 05/11/2015
|u https://search.proquest.com/publication/8009
|